| 000 | 02147nam1a2200289 i 4500 | ||
|---|---|---|---|
| 001 | RU\NLR\BIBL_A\011099001 | ||
| 005 | 20260407055003.0 | ||
| 035 | _a(NLR Aleph) 011099001 | ||
| 090 |
_a11409485 _c11409485 |
||
| 100 | _a20160211g20159999k y0rusy50 ca | ||
| 101 | 0 | _arus | |
| 102 | _aRU | ||
| 105 | _a||||z|||||||| | ||
| 200 | 1 |
_aЛесная и лесостепная зоны Восточной Европы в эпохи римских влияний и великого переселения народов _eконференция 4, [13-17 ноября 2012 г. _fред.: И.О. Гавритухин, к.и.н. А.М. Воронцов] _eсборник научных статей |
|
| 210 |
_aТула _cГосударственный военно-исторический и природный музей-заповедник "Куликово поле" _d2015 |
||
| 215 | _d30 | ||
| 300 | _aВ надзаг.: Гос. воен.-ист. и природ. музей-заповедник "Куликово поле", Рос. акад. наук, Ин-т археологии | ||
| 607 |
_aЕвропа Восточная _jСъезды, совещания и т.п. _xАрхеологические исследования _zЖелезный век _92102811 _3RU\NLR\AUTH\661575204 |
||
| 686 | 1 | _aТ4(2)273я431 | |
| 702 | 1 |
_4340 _7ca _8rus _aГавритухин _bИ. О. _f1960- _gИгорь Олегович _9168576 _3RU\NLR\AUTH\770168625 |
|
| 711 | 1 | 2 |
_a"Лесная и лесостепная зоны Восточной Европы в эпохи римских влияний и Великого переселения народов", международная конференция _d4 _eс. Монастырщино, Тульская обл. _f2012 _9506479 _3RU\NLR\AUTH\880420755 |
| 712 | 0 | 2 |
_4475 _a"Куликово поле", государственный военно-исторический и природный музей-заповедник _cТульская обл. _3RU\NLR\AUTH\8810025438 _9549117 |
| 852 |
_aNLR _j2016-8/487 |
||
| 942 | _cBOOK | ||